Statistics for Biggest Cities in Europe that Aren't Country Capitals

Click here to take the quiz!

General Stats

  • This quiz has been taken 823 times
    (367 since last reset)
  • The average score is 17 of 24

Answer Stats

PopulationCity% Correct
4.88 milBarcelona
96%
6.15 milMilan
94%
5.65 milSaint Petersburg
92%
2.28 milMunich
91%
16.2 milIstanbul
87%
3.08 milManchester
87%
3.15 milBirmingham
85%
4.15 milNaples
85%
2.88 milHamburg
84%
1.99 milLyon
81%
1.68 milMarseille
81%
3.28 milFrankfurt
78%
1.87 milLiverpool
76%
3.28 milRotterdam/The Hague
76%
1.69 milGlasgow
74%
2.15 milLeeds
67%
1.61 milTurin
65%
1.87 milValencia
62%
2.40 milStuttgart
55%
1.63 milKharkiv
47%
1.57 milSheffield
45%
1.73 milNizhny Novgorod
36%
1.67 milYekaterinburg
30%
1.58 milMannheim
20%

Score Distribution

Percentile by Number Answered

Percent of People with Each Score

Your Score History

You have not taken this quiz since the last reset